00956nam a2200217 a 450000100100000000500170001000800410002704000250006808200170009310000370011024500770014726000770022430000210030165000260032265000280034870000420037604900090041895201150042795201790054299900170072100001814420240305111025.0100416s1952 dr 000 p spa d aDO-SdBNPbspacBNPHU a891.51bK45r1 aKhayyam, Omar,d1048-113193931210aRubaiyat /cOmar Khayyam ; traducción del francés por Ligio Vizardi. aCiudad Trujillo, República Dominicana :bLibrería Dominicana,c1952. a170 p. ;c18 cm. 4aPoesía persa939313 4aLiteratura persa9295421 aVizardi, Ligiod1895-1968etr.937744 aBNPD 0010718PDaPDbPDcHDd2010-04-16iLF1l0o891.51 K45rp18144-10r2020-06-25w2020-06-25yLFPDZNo se presta 0010718PDaPDbPDcHDd2015-04-08iLF1l0o891.51 K45rp18144-20r2020-06-25te. 2w2020-06-25yLFPDzPerteneció a la biblioteca personal de Carmen Herrera.ZNo se presta c17665d17665